000
00311pab a2200145 454500
008
180718b1989 xxu||||| |||| 00| 0 eng d
100
_a
Banerji, Pranab
245
_a
A cautions budget
260
_c
1989
300
_a
4-5
362
_a
16 Apr.
650
_a
Budget - India
773
_a
Yojana
909
_a
4734
999
_c
4734
_d
4734